Systems programming / (Record no. 58574)

MARC details
000 -LEADER
fixed length control field 00928nam a22002777a 4500
005 - DATE AND TIME OF LATEST TRANSACTION
control field 20111121150533.0
008 - FIXED-LENGTH DATA ELEMENTS--GENERAL INFORMATION
fixed length control field 111121t xxu||||| |||| 00| 0 eng d
010 ## - LCCN (DPL NO)
LC control number ENG-104156
020 ## - INTERNATIONAL STANDARD BOOK NUMBER
International Standard Book Number 9780071333115
Terms of availability 450.00
020 ## - INTERNATIONAL STANDARD BOOK NUMBER
International Standard Book Number 0071333118
Terms of availability 450.00
035 ## - SYSTEM CONTROL NUMBER
System control number EN-87689
037 ## - SOURCE OF ACQUISITION
Source of stock number/acquisition DBAD / PUB
040 ## - CATALOGING SOURCE
Original cataloging agency dpl
Language of cataloging English
082 ## - DEWEY DECIMAL CLASSIFICATION NUMBER
Classification number 005.4220
100 ## - MAIN ENTRY--PERSONAL NAME
Personal name Dhamdhere, D.M.
9 (RLIN) 35947
245 ## - TITLE STATEMENT
Title Systems programming /
Statement of responsibility, etc by D.M. Dhamdhere
260 ## - PUBLICATION, DISTRIBUTION, ETC. (IMPRINT)
Place of publication, distribution, etc New Delhi
Name of publisher, distributor, etc Tata McGraw-Hill
Date of publication, distribution, etc 2011
270 ## - ADDRESS
Address 7 West Patel Nagar
City New Delhi
Postal code 110008
300 ## - PHYSICAL DESCRIPTION
Extent xviii,538p.
Dimensions 24cm (pbk)
500 ## - GENERAL NOTE
General note Includes bibliographical references and index
650 ## - SUBJECT ADDED ENTRY--TOPICAL TERM
9 (RLIN) 35949
651 ## - SUBJECT ADDED ENTRY--GEOGRAPHIC NAME
9 (RLIN) 35950
700 ## - ADDED ENTRY--PERSONAL NAME
9 (RLIN) 35964
942 ## - ADDED ENTRY ELEMENTS (KOHA)
Source of classification or shelving scheme Dewey Decimal Classification
Item type English Books
Call number suffix DHA
Classification part 005.4220
Holdings
Withdrawn status Lost status Source of classification or shelving scheme Damaged status Not for loan Collection code Home library Current library Date acquired Source of acquisition Cost, normal purchase price Total Checkouts Full call number Barcode Date last seen Copy number Cost, replacement price Koha item type
    Dewey Decimal Classification   Not For Loan Non-fiction D.B.Act.Division D.B.Act.Division 21/11/2011 DBAD/PUB 450.00   005.4220 DHA EN-87689 21/11/2011 1 450.00 English Books

© Delhi Public Library
Hit Counter
free hit counter